000 01053cam a22002771a 4500
001 14138
003 BD-RjUL
005 20211208235558.0
008 140205s1943 nyuaf b 001 0 eng
035 _a(BD-RjUL)14190
040 _aDLC
_cDLC
_dBD-RjUL
_beng
041 _aeng
082 0 0 _a155.4
_bGEI 1943
100 1 _aGesell, Arnold,
_d1880-1961.
_944163
245 1 0 _aInfant and child in the culture of today :
_bthe guidance of development in home and nursery school /
_cby Arnold Gesell, Frances L. Ilg ; in collaboration with Janet Learned , Louise B. Ames.
260 _aLondon :
_bHamish Hamilton Ltd.,
_c1943.
300 _axii, 403 p., :
_bill. ;
_c24 cm.
504 _aIncludes bibliographical references (p. 389-390).
650 0 _aChild psychology.
_93848
650 0 _aInfant psychology.
_95509
650 0 _aChild development
_95451
700 1 _aIlg, Frances Lillian,
_d1902-
_ejoint author.
_944164
700 1 _aRodell, Janet Learned,
_ejoint author.
_944165
700 1 _aAmes, Louise Bates,
_ejoint author.
_944166
942 _2ddc
_cBK
999 _c14138
_d14138